Statistiche per Bandiere Storiche parte 2

Clicka qui per fare il quiz!

Statistiche generali

  • Questo quiz è stato fatto 15 volte
  • Il punteggio medio è 3 su 13

Statistiche sulle risposte

Risposta% Corretto
Impero Austro-Ungarico
62%
Impero Romano
62%
Secondo Reich
54%
Yugoslavia
38%
Prussia
31%
Tibet
31%
Regno di Sardegna
23%
Impero Bizantino
15%
Impero Coreano
8%
Impero del Brasile
8%
Impero Spagnolo
8%
Dinastia Ming
0%
Rus' di Kiev
0%

Distribuzione punteggi

Percentile per numero di risposta

Percentuale di utenti per punteggio

I tuoi punteggi nel tempo

Non hai fatto questo quiz